| 000 -CABECERA |
| fixed length control field |
00861nam a22002057a 4500 |
| 003 - IDENTIFICADOR DEL NÚMERO DE CONTROL |
| control field |
AR-CdUCM |
| 008 - DATOS DE LONGITUD FIJA--INFORMACIÓN GENERAL |
| fixed length control field |
190528b ||||| |||| 00| 0 spa d |
| 040 ## - FUENTE DE LA CATALOGACIÓN |
| Agencia/entidad que catalogó originalmente la obra |
MUNICIPALIDAD PROVINCIAL DEL CUSCO |
| Entidad que transcribió la catalogación |
BIBLIOTECA MUNICIPAL DEL CUSCO |
| 082 ## - NÚMERO DE LA CLASIFICACIÓN DECIMAL DEWEY |
| No. de Clasificación |
070.985 / |
| Notacion interna |
M14 |
| 100 ## - ENTRADA PRINCIPAL--NOMBRE DE PERSONA |
| Nombre Personal |
Madariaga Teves, Juan |
| 245 ## - MENCIÓN DE TÍTULO |
| Título |
Legislacion peruana sobre los medios de comunicación social en el Perú : |
| Resto del título |
Compendio sistematizado de las técnicas del periodismo radio y televisión / |
| 260 ## - PUBLICACIÓN, DISTRIBUCIÓN, ETC. |
| Lugar de publicación, distribución, etc. |
Areequipa : |
| Nombre de la editorial, distribuidor, etc. |
Esilider, |
| Fecha de publicación, distribución, etc. |
1990. |
| 300 ## - DESCRIPCIÓN FÍSICA |
| Nº de Páginas Extensión |
240 páginas ; |
| Dimensiones |
21 cm. |
| 505 ## - NOTA DE CONTENIDO CON FORMATO |
| Nota de contenido formateada |
Contenido: Legislación peruana actual sobre los medios de comunicación -- Entrevista y reportaje -- Encuestas... |
| 650 ## - PUNTO DE ACCESO ADICIONAL DE MATERIA--TÉRMINO DE MATERIA |
| Descriptor |
Servicios de telecomunicaciones |
| 9 (RLIN) |
42488 |
| 650 ## - PUNTO DE ACCESO ADICIONAL DE MATERIA--TÉRMINO DE MATERIA |
| Descriptor |
Fotografía en prensa |
| 9 (RLIN) |
42489 |
| 650 ## - PUNTO DE ACCESO ADICIONAL DE MATERIA--TÉRMINO DE MATERIA |
| Descriptor |
Televisión |
| 9 (RLIN) |
21435 |
| 942 ## - ELEMENTOS DE PUNTO DE ACCESO ADICIONAL (KOHA) |
| Fuente de clasificación |
|
| Tipo de item |
Libros-BMC |
| 945 ## - PROCESAMIENTO DE INFORMACIÓN LOCAL (OCLC) |
| Catalogador |
Andy |